| Tag |
First Indicator |
Second Indicator |
Subfields |
| LEADER |
00000cam a2200000 a 4500 |
| 001 |
in00000006911 |
| 005 |
20151004060023.0 |
| 008 |
861212s1987 enka b 00100 eng |
| 010 |
|
|
|a 86033346
|
| 020 |
|
|
|a 0408101342 :
|c £45.00
|
| 035 |
|
|
|a (OCoLC)15055368
|
| 035 |
|
|
|9 AAA1368AM
|
| 040 |
|
|
|a DLC
|c DLC
|d OCL
|d TXA
|d UtOrBLW
|
| 049 |
|
|
|a TXAM
|c [A10754933]
|
| 050 |
0 |
0 |
|a SF375
|b .N43 1987
|
| 070 |
0 |
|
|a SF375.N43
|
| 082 |
0 |
|
|a 636.3
|2 19
|
| 245 |
0 |
0 |
|a New techniques in sheep production /
|c edited by I. Fayez M. Marai,J.B. Owen.
|
| 264 |
|
1 |
|a London ;
|a Boston :
|b Butterworths,
|c 1987.
|
| 300 |
|
|
|a 292 pages :
|b illustrations ;
|c 24 cm.
|
| 336 |
|
|
|a text
|b txt
|2 rdacontent
|
| 337 |
|
|
|a unmediated
|b n
|2 rdamedia
|
| 338 |
|
|
|a volume
|b nc
|2 rdacarrier
|
| 504 |
|
|
|a Includes bibliographies and index.
|
| 650 |
|
0 |
|a Sheep.
|
| 650 |
|
0 |
|a Animal culture
|x Technological innovations.
|
| 700 |
1 |
|
|a Marai, I. Fayez M.
|q (Ibrahim Fayez Mahmoud)
|
| 700 |
1 |
|
|a Owen, John B.
|q (John Bryn),
|d 1931-
|
| 999 |
|
|
|a MARS
|
| 999 |
f |
f |
|s f500ef64-48de-3d9e-9d82-34ef7f578244
|i fd7b3639-ca92-304e-ad38-a16453e44a09
|t 0
|
| 952 |
f |
f |
|p ric
|a Texas A&M University
|b Rellis Campus
|c Joint Library Facility
|d Remote Storage
|t 0
|e SF375 .N43 1987
|h Library of Congress classification
|i unmediated -- volume
|m A14810754933
|
| 998 |
f |
f |
|a SF375 .N43 1987
|t 0
|l Remote Storage
|